[Event "Bodensee op"]
[Site "Bregenz"]
[Date "2023.05.19"]
[Round "7"]
[White "Reichelt, Ole"]
[Black "Heilinger, Dietmar"]
[Result "1/2-1/2"]
[WhiteElo "1922"]
[BlackElo "2080"]
[PlyCount "76"]
[EventDate "2023.05.13"]
[EventType "swiss"]
[EventRounds "9"]
[EventCountry "AUT"]
[SourceTitle "CBM 215 Extra"]
[Source "ChessBase"]
[SourceDate "2023.09.30"]
[SourceVersion "1"]
[SourceVersionDate "2023.09.30"]
[SourceQuality "1"]

1. d4 Nf6 2. c4 e6 3. Nc3 d5 4. cxd5 exd5 5. Bg5 Be7 6. e3 c6 7. Bd3 Nbd7 8. Nf3 0-0 9. Qc2 h6 10. Bh4 Ne8 11. Bg3 Bd6 12. 0-0 Bxg3 13. hxg3 Nd6 14. b4 a6 15. a4 Nb6 16. b5 axb5 17. axb5 Bd7 18. bxc6 Bxc6 19. Ne5 Rc8 20. Rfb1 Re8 21. Ra7 Re7 22. Qa2 Nbc4 23. Nxc6 bxc6 24. Ra6 f5 25. Qc2 Rf7 26. Rb3 Qg5 27. Bxc4 Nxc4 28. Na4 Rfc7 29. Nc5 Qf6 30. Nd3 Qe6 31. Nc5 Qf6 32. Qa2 Qf7 33. Ra8 Kh7 34. Rxc8 Rxc8 35. Rb7 Rc7 36. Rxc7 Qxc7 37. Qa8 Qa5 38. Qxa5 Nxa5 1/2-1/2

[Event "Bodensee op"]
[Site "Bregenz"]
[Date "2023.05.14"]
[Round "2"]
[White "Heilinger, Dietmar"]
[Black "Cziko, Eduard Carol"]
[Result "1/2-1/2"]
[WhiteElo "2080"]
[BlackElo "1885"]
[PlyCount "41"]
[EventDate "2023.05.13"]
[EventType "swiss"]
[EventRounds "9"]
[EventCountry "AUT"]
[SourceTitle "CBM 215 Extra"]
[Source "ChessBase"]
[SourceDate "2023.09.30"]
[SourceVersion "1"]
[SourceVersionDate "2023.09.30"]
[SourceQuality "1"]

1. c4 e5 2. Nc3 Nf6 3. Nf3 Nc6 4. g3 d5 5. cxd5 Nxd5 6. d3 Be7 7. Bg2 Nb6 8. 0-0 0-0 9. a3 Be6 10. Be3 f6 11. Rc1 Qd7 12. Re1 Rfd8 13. Ne4 Nd5 14. Bc5 b6 15. Bxe7 Ncxe7 16. d4 exd4 17. Nxd4 Bf7 18. b4 c6 19. e3 a5 20. Qd2 axb4 21. axb4 1/2-1/2

[Event "AUT-chT2W 2021"]
[Site "Austria"]
[Date "2020.10.11"]
[Round "3.3"]
[White "Doskocil, Klaus"]
[Black "Heilinger, Dietmar"]
[Result "1-0"]
[WhiteElo "2157"]
[BlackElo "2120"]
[PlyCount "79"]
[EventDate "2020.10.09"]
[EventType "team-tourn"]
[EventRounds "11"]
[EventCountry "AUT"]
[SourceTitle "CBM 199 Extra"]
[Source "ChessBase"]
[SourceDate "2021.01.31"]
[SourceVersion "1"]
[SourceVersionDate "2021.01.31"]
[SourceQuality "1"]
[WhiteTeam "Lustenau"]
[BlackTeam "Hoerbranz"]
[WhiteTeamCountry "AUT"]
[BlackTeamCountry "AUT"]

1. e4 e6 2. d3 c5 3. f4 Nc6 4. Nf3 g6 5. g3 Bg7 6. Bg2 d6 7. 0-0 Nge7 8. Nbd2 0-0 9. Qe2 Rb8 10. a4 a6 11. c3 b5 12. axb5 axb5 13. g4 Qc7 14. Kh1 b4 15. c4 f5 16. gxf5 exf5 17. Nb3 fxe4 18. dxe4 Nd4 19. Nbxd4 cxd4 20. Qd3 Qc5 21. b3 Bg4 22. Ng5 h6 23. Bh3 Bxh3 24. Nxh3 Qh5 25. Bd2 Nc6 26. Ra6 Rbc8 27. Rg1 Rf6 28. Bc1 Qc5 29. Ra2 Re8 30. Rag2 Ne7 31. Nf2 Rf7 32. Qh3 Qc8 33. f5 g5 34. Ng4 Nxf5 35. exf5 Qxf5 36. Nxh6+ Bxh6 37. Qxh6 Rg7 38. Qxg7+ Kxg7 39. Rxg5+ Qxg5 40. Bxg5 1-0

[Event "AUT-chT2W 1617"]
[Site "Austria"]
[Date "2016.11.27"]
[Round "6.3"]
[White "Frank, Emanuel"]
[Black "Heilinger, Dietmar"]
[Result "1/2-1/2"]
[WhiteElo "2189"]
[BlackElo "2151"]
[PlyCount "100"]
[EventDate "2016.10.28"]
[EventType "team-tourn"]
[EventRounds "11"]
[EventCountry "AUT"]
[SourceTitle "CBM 177 Extra"]
[Source "ChessBase"]
[SourceDate "2017.04.27"]
[SourceVersion "1"]
[SourceVersionDate "2017.04.27"]
[SourceQuality "1"]
[WhiteTeam "Salzburg ASK"]
[BlackTeam "Bregenz II"]
[WhiteTeamCountry "AUT"]
[BlackTeamCountry "AUT"]

1. d4 d5 2. c4 e6 3. Nf3 Nf6 4. g3 Be7 5. Bg2 0-0 6. 0-0 dxc4 7. Qc2 a6 8. a4 b6 9. Ne5 Ra7 10. Qxc4 Bb7 11. Bxb7 Rxb7 12. Nc3 c5 13. dxc5 Bxc5 14. Nd3 Bd4 15. Bf4 Bxc3 16. Qxc3 Nd5 17. Qb3 Nxf4 18. Nxf4 Nd7 19. Rfd1 Qe7 20. a5 Rfb8 21. Rac1 h6 22. Qc4 bxa5 23. Qxa6 Nc5 24. Qc4 Nb3 25. Rc3 Rb4 26. Qa6 Qb7 27. Qd6 Rb6 28. Qe5 Rb5 29. Qd6 Rb6 30. Qe5 Rb5 31. Qe3 e5 32. Nd3 Qd5 33. Rf1 Qd4 34. Qxd4 Nxd4 35. Re1 e4 36. Nc5 Rxb2 37. Kf1 f5 38. g4 g6 39. gxf5 gxf5 40. Nd7 R8b7 41. Rg3+ Kf7 42. Ne5+ Kf6 43. Nc4 Rc2 44. Ne3 Rcb2 45. Nc4 R2b4 46. Nd2 a4 47. Rh3 Kg6 48. Rg3+ Kh7 49. Rc3 Rb2 50. Rd1 Rc2 1/2-1/2

[Event "AUT-chT2W 1415"]
[Site "Austria"]
[Date "2014.10.12"]
[Round "3.3"]
[White "Atlas, Dimitry"]
[Black "Heilinger, Dietmar"]
[Result "1/2-1/2"]
[WhiteElo "2207"]
[BlackElo "2188"]
[PlyCount "101"]
[EventDate "2014.10.10"]
[EventType "team-tourn"]
[EventRounds "11"]
[EventCountry "AUT"]
[SourceTitle "EXT 2015"]
[Source "ChessBase"]
[SourceDate "2014.11.20"]
[SourceVersion "1"]
[SourceVersionDate "2014.11.20"]
[SourceQuality "1"]
[WhiteTeam "Hohenems II"]
[BlackTeam "Bregenz"]
[WhiteTeamCountry "AUT"]
[BlackTeamCountry "AUT"]

1. e4 e6 2. d4 d5 3. e5 Ne7 4. Nf3 Qd7 5. Bd3 b6 6. 0-0 Ba6 7. Bxa6 Nxa6 8. Qe2 Nb8 9. a4 a6 10. b4 Ng6 11. c3 Be7 12. g3 h6 13. h4 Bd8 14. Nbd2 Ne7 15. Nb3 Nf5 16. a5 Qc6 17. Qd3 Qc4 18. Qxc4 dxc4 19. Nbd2 b5 20. Ne4 Ne7 21. Bd2 Nd5 22. Rae1 Nd7 23. Re2 Be7 24. Nh2 0-0-0 25. f4 g6 26. Nf3 h5 27. Nfg5 Rdf8 28. Kg2 Nb8 29. Nc5 Bxc5 30. dxc5 Nc6 31. Rf3 Nce7 32. Be1 c6 33. Ne4 Nf5 34. Bf2 Kd7 35. Kf1 Ke7 36. Ke1 Rd8 37. Nd6 Rb8 38. Kd2 Rbd8 39. Kc2 Rb8 40. Re4 Ra8 41. Bd4 Rhg8 42. Bf2 Rh8 43. Kd1 Rad8 44. Ke1 Rb8 45. Kf1 Ra8 46. Kg2 Rab8 47. Kh3 Rh7 48. Re1 Rd8 49. Ne4 Rhh8 50. Nd6 Rh7 51. Ne4 1/2-1/2

[Event "AUT-chT2W 1415"]
[Site "Austria"]
[Date "2014.10.10"]
[Round "1.3"]
[White "Heilinger, Dietmar"]
[Black "Jussupow, Nadejda"]
[Result "1/2-1/2"]
[WhiteElo "2188"]
[BlackElo "2147"]
[PlyCount "27"]
[EventDate "2014.10.10"]
[EventType "team-tourn"]
[EventRounds "11"]
[EventCountry "AUT"]
[SourceTitle "EXT 2015"]
[Source "ChessBase"]
[SourceDate "2014.11.20"]
[SourceVersion "1"]
[SourceVersionDate "2014.11.20"]
[SourceQuality "1"]
[WhiteTeam "Bregenz"]
[BlackTeam "Goetzis"]
[WhiteTeamCountry "AUT"]
[BlackTeamCountry "AUT"]

1. c4 Nf6 2. Nc3 g6 3. g3 Bg7 4. Bg2 0-0 5. e4 e5 6. Nge2 d6 7. 0-0 c6 8. h3 Be6 9. d3 Qd7 10. Kh2 d5 11. cxd5 cxd5 12. d4 Nxe4 13. dxe5 Bxe5 14. Bh6 1/2-1/2

[Event "AUT-chT2W 0910"]
[Site "Austria"]
[Date "2009.10.24"]
[Round "2.5"]
[White "Heilinger, Dietmar"]
[Black "Natter, Markus"]
[Result "1-0"]
[WhiteElo "2133"]
[BlackElo "2185"]
[PlyCount "39"]
[EventDate "2009.10.23"]
[EventType "team-tourn"]
[EventRounds "11"]
[EventCountry "AUT"]
[SourceTitle "CBM 133 Extra"]
[Source "ChessBase"]
[SourceDate "2010.01.05"]
[SourceVersion "1"]
[SourceVersionDate "2010.01.05"]
[SourceQuality "1"]
[WhiteTeam "Bregenz"]
[BlackTeam "Dornbirn"]
[WhiteTeamCountry "AUT"]
[BlackTeamCountry "AUT"]

1. c4 b6 2. e4 Bb7 3. Nc3 e6 4. Nf3 Bb4 5. Bd3 Ne7 6. a3 Bxc3 7. dxc3 d6 8. Bg5 f6 9. Be3 e5 10. Nh4 0-0 11. c5 d5 12. exd5 Qxd5 13. Qe2 Kh8 14. 0-0-0 e4 15. Bc4 Qe5 16. g3 Bd5 17. f4 Qe6 18. Rxd5 Nxd5 19. Qh5 Nxf4 20. Ng6+ 1-0

[Event "AUT-chT2W 0607"]
[Site "Austria"]
[Date "2007.01.26"]
[Round "6.3"]
[White "Lickleder, Andreas"]
[Black "Heilinger, Dietmar"]
[Result "1-0"]
[WhiteElo "2235"]
[BlackElo "2142"]
[PlyCount "120"]
[EventDate "2006.10.21"]
[EventType "team"]
[EventRounds "11"]
[EventCountry "AUT"]
[SourceTitle "EXT 2008"]
[Source "ChessBase"]
[SourceDate "2007.11.25"]
[SourceVersion "1"]
[SourceVersionDate "2007.11.25"]
[SourceQuality "1"]

1. e4 e6 2. d4 d5 3. Nc3 Bb4 4. Qd3 Ne7 5. Qg3 0-0 6. Bf4 dxe4 7. Bxc7 Nf5 8. Qe5 Bd6 9. Bxd6 Qxd6 10. Qxe4 Qxd4 11. Nf3 Qxe4+ 12. Nxe4 Rd8 13. g4 Ne7 14. Rd1 Rxd1+ 15. Kxd1 Nbc6 16. Nd6 e5 17. Nxc8 Rxc8 18. c3 f6 19. Bd3 Rd8 20. Kc2 Nc8 21. Nd2 Nd6 22. Ne4 Nxe4 23. Bxe4 g6 24. h4 Rd7 25. Rd1 Rc7 26. Rd6 Kf7 27. Bd5+ Kg7 28. Kd3 Ne7 29. Bb3 f5 30. g5 e4+ 31. Ke3 Nc6 32. Kf4 Re7 33. Be6 Rc7 34. Rd7+ Rxd7 35. Bxd7 Kf7 36. Bc8 Nd8 37. Ke5 Nc6+ 38. Kd6 f4 39. Bxb7 e3 40. fxe3 fxe3 41. Ba6 Ne7 42. Bc4+ Ke8 43. Ke5 Nf5 44. Kf4 Nxh4 45. Kxe3 Nf5+ 46. Kf4 h5 47. gxh6 Nxh6 48. Kg5 Nf5 49. Kxg6 Ne3 50. Be2 Ke7 51. Kg5 Kd6 52. Kf4 Nd5+ 53. Ke4 a5 54. Kd4 Nb6 55. Bb5 Nd5 56. c4 Nf4 57. c5+ Kc7 58. Bc4 Kc6 59. b3 Ng6 60. Bf7 Ne7 1-0

[Event "AUT-chT2W 0506"]
[Site "Austria"]
[Date "2005.10.08"]
[Round "1.5"]
[White "Besner, Bernhard"]
[Black "Heilinger, Dietmar"]
[Result "1/2-1/2"]
[WhiteElo "2114"]
[BlackElo "2146"]
[PlyCount "30"]
[EventDate "2005.10.08"]
[EventType "team"]
[EventRounds "11"]
[EventCountry "AUT"]
[SourceTitle "EXT 2006"]
[Source "ChessBase"]
[SourceDate "2005.11.24"]
[SourceVersion "1"]
[SourceVersionDate "2005.11.24"]
[SourceQuality "1"]
[WhiteTeam "Salzburg"]
[BlackTeam "Bregenz"]
[WhiteTeamCountry "AUT"]
[BlackTeamCountry "AUT"]

1. e4 c5 2. c3 d5 3. exd5 Qxd5 4. d4 Nf6 5. Nf3 Bg4 6. Be2 e6 7. 0-0 Be7 8. h3 Bh5 9. c4 Qd8 10. dxc5 Qxd1 11. Rxd1 Bxc5 12. Nc3 Nc6 13. a3 a5 14. Bg5 0-0 15. Rd2 Rfd8 1/2-1/2

[Event "AUT-chT2W 0405"]
[Site "Austria"]
[Date "2005.03.04"]
[Round "9.6"]
[White "Heilinger, Dietmar"]
[Black "Fuchs, Stefan"]
[Result "1-0"]
[WhiteElo "2167"]
[BlackElo "2106"]
[PlyCount "95"]
[EventDate "2004.10.16"]
[EventType "team-tourn"]
[EventRounds "11"]
[EventCountry "AUT"]
[SourceTitle "EXT 2005"]
[Source "ChessBase"]
[SourceDate "2004.11.15"]
[SourceVersion "1"]
[SourceVersionDate "2004.11.15"]
[SourceQuality "1"]
[WhiteTeam "Bregenz"]
[BlackTeam "Schwaz"]
[WhiteTeamCountry "AUT"]
[BlackTeamCountry "AUT"]

1. c4 e5 2. g3 g6 3. Bg2 Bg7 4. Nc3 Ne7 5. e4 Nbc6 6. Nge2 d6 7. d3 Bg4 8. h3 Be6 9. Nd5 h6 10. 0-0 0-0 11. Kh2 Bxd5 12. cxd5 Nd4 13. Nxd4 exd4 14. f4 f5 15. Qb3 Rb8 16. Bd2 Kh7 17. Qa4 a6 18. Ba5 b6 19. Be1 a5 20. Rc1 Rc8 21. Bf2 Qe8 22. Qb3 Qd8 23. Rc4 fxe4 24. dxe4 c5 25. dxc6 Rxc6 26. Bxd4 Rxc4 27. Qxc4 Bxd4 28. Qxd4 Qc7 29. Rd1 Nc8 30. h4 Re8 31. Rd2 Qb7 32. e5 dxe5 33. fxe5 Qc7 34. Bh3 Ne7 35. e6 Qc5 36. Qf6 Rg8 37. Rd7 Rg7 38. Bg2 Qf5 39. Qxf5 gxf5 40. Rb7 Nc8 41. Rd7 Ne7 42. h5 Ng8 43. Bh3 Ne7 44. Rb7 Kh8 45. Rxb6 f4 46. gxf4 Nd5 47. Rb8+ Rg8 48. Rb5 1-0

[Event "AUT-chT2W 0405"]
[Site "Austria"]
[Date "2005.01.23"]
[Round "8.6"]
[White "Sandholzer, Robert"]
[Black "Heilinger, Dietmar"]
[Result "1/2-1/2"]
[WhiteElo "2097"]
[BlackElo "2167"]
[PlyCount "90"]
[EventDate "2004.10.16"]
[EventType "team-tourn"]
[EventRounds "11"]
[EventCountry "AUT"]
[SourceTitle "EXT 2005"]
[Source "ChessBase"]
[SourceDate "2004.11.15"]
[SourceVersion "1"]
[SourceVersionDate "2004.11.15"]
[SourceQuality "1"]
[WhiteTeam "Hohenems II"]
[BlackTeam "Bregenz"]
[WhiteTeamCountry "AUT"]
[BlackTeamCountry "AUT"]

1. e4 e6 2. d4 d5 3. Nc3 dxe4 4. Nxe4 Nd7 5. Nf3 Ngf6 6. Nxf6+ Nxf6 7. Bd3 c5 8. dxc5 Bxc5 9. 0-0 0-0 10. Bg5 b6 11. Qe2 Bb7 12. Rad1 Qc7 13. Ne5 Rfd8 14. Rfe1 h6 15. Bxf6 gxf6 16. Qg4+ Kf8 17. Nf3 Bxf3 18. Qxf3 Bd4 19. c3 Be5 20. Qh5 Ke7 21. g3 Rh8 22. Bb5 Rad8 23. Ba4 f5 24. Rxd8 Rxd8 25. Qxh6 f4 26. Rd1 fxg3 27. hxg3 Rxd1+ 28. Bxd1 Qd6 29. Qh5 Bf6 30. Qe2 a5 31. Bc2 Be5 32. Qd3 Qxd3 33. Bxd3 Kd6 34. Kg2 Kc5 35. Kf3 b5 36. Bh7 f5 37. Bg8 Kd5 38. Ke3 Bd6 39. Kd3 Bc5 40. f3 Bd6 41. g4 fxg4 42. fxg4 Be7 43. b3 b4 44. c4+ Ke5 45. Ke3 Bg5+ 1/2-1/2

[Event "AUT-chT2W 0405"]
[Site "Austria"]
[Date "2005.01.22"]
[Round "7.6"]
[White "Heilinger, Dietmar"]
[Black "Mrsic, Robert"]
[Result "0-1"]
[WhiteElo "2167"]
[BlackElo "2072"]
[PlyCount "66"]
[EventDate "2004.10.16"]
[EventType "team-tourn"]
[EventRounds "11"]
[EventCountry "AUT"]
[SourceTitle "EXT 2005"]
[Source "ChessBase"]
[SourceDate "2004.11.15"]
[SourceVersion "1"]
[SourceVersionDate "2004.11.15"]
[SourceQuality "1"]
[WhiteTeam "Bregenz"]
[BlackTeam "Lustenau"]
[WhiteTeamCountry "AUT"]
[BlackTeamCountry "AUT"]

1. c4 e5 2. Nc3 Nf6 3. g3 d5 4. cxd5 Nxd5 5. Bg2 Nb6 6. Nf3 Nc6 7. 0-0 Be7 8. a3 0-0 9. b4 Be6 10. d3 f6 11. Be3 Nd5 12. Nxd5 Bxd5 13. Nd2 Bxg2 14. Kxg2 f5 15. Qb3+ Kh8 16. b5 Na5 17. Qa4 b6 18. f3 Qd7 19. Nc4 Nxc4 20. Qxc4 Bd6 21. Rfc1 Rae8 22. a4 e4 23. dxe4 fxe4 24. Bd4 Re6 25. Rd1 Rh6 26. h4 Qf5 27. fxe4 Qxe4+ 28. Kg1 Qg6 29. Qd3 Qg4 30. Rf1 Re8 31. Rf7 Rg6 32. Raf1 h5 33. R1f3 Bxg3 0-1

[Event "AUT-chT2W 0405"]
[Site "Austria"]
[Date "2004.12.03"]
[Round "3.5"]
[White "Heilinger, Dietmar"]
[Black "Pichler, Walter"]
[Result "1-0"]
[WhiteElo "2167"]
[BlackElo "1957"]
[PlyCount "49"]
[EventDate "2004.10.16"]
[EventType "team-tourn"]
[EventRounds "11"]
[EventCountry "AUT"]
[SourceTitle "EXT 2005"]
[Source "ChessBase"]
[SourceDate "2004.11.15"]
[SourceVersion "1"]
[SourceVersionDate "2004.11.15"]
[SourceQuality "1"]
[WhiteTeam "Bregenz"]
[BlackTeam "Reutte"]
[WhiteTeamCountry "AUT"]
[BlackTeamCountry "AUT"]

1. c4 Nf6 2. g3 d5 3. cxd5 Nxd5 4. Bg2 c6 5. Nc3 e6 6. Nf3 g6 7. 0-0 Bg7 8. d4 0-0 9. e4 Nxc3 10. bxc3 Nd7 11. Rb1 Re8 12. e5 c5 13. Ng5 cxd4 14. cxd4 f6 15. exf6 Bxf6 16. Ne4 Be7 17. Re1 Bf8 18. Bf4 Nb6 19. Be5 Nd5 20. h4 Bg7 21. h5 Bxe5 22. dxe5 Re7 23. hxg6 hxg6 24. Nf6+ Nxf6 25. Qxd8+ 1-0

[Event "AUT-chT2W 0304"]
[Site "Austria"]
[Date "2004.03.13"]
[Round "10"]
[White "Heilinger, Dietmar"]
[Black "Lickleder, Andreas"]
[Result "1/2-1/2"]
[WhiteElo "2179"]
[BlackElo "2227"]
[PlyCount "24"]
[EventDate "2003.10.18"]
[EventType "team-tourn"]
[EventRounds "11"]
[EventCountry "AUT"]
[SourceTitle "EXT 2005"]
[Source "ChessBase"]
[SourceDate "2004.11.15"]
[SourceVersion "1"]
[SourceVersionDate "2004.11.15"]
[SourceQuality "1"]
[WhiteTeam "Bregenz"]
[BlackTeam "Salzburg Wuestenrot"]
[WhiteTeamCountry "AUT"]
[BlackTeamCountry "AUT"]

1. c4 c5 2. Nf3 e6 3. g3 b6 4. Bg2 Bb7 5. Nc3 d6 6. 0-0 a6 7. d4 cxd4 8. Qxd4 Nf6 9. e4 Nbd7 10. Rd1 Qc7 11. b3 Be7 12. Ba3 Nc5 1/2-1/2

[Event "AUT-chT2W 0304"]
[Site "Austria"]
[Date "2003.10.19"]
[Round "2"]
[White "Gerhold, Michael"]
[Black "Heilinger, Dietmar"]
[Result "1/2-1/2"]
[WhiteElo "2223"]
[BlackElo "2179"]
[PlyCount "24"]
[EventDate "2003.10.18"]
[EventType "team-tourn"]
[EventRounds "11"]
[EventCountry "AUT"]
[SourceTitle "CBM 097 Extra"]
[Source "ChessBase"]
[SourceDate "2004.01.13"]
[SourceVersion "1"]
[SourceVersionDate "2004.01.13"]
[SourceQuality "1"]
[WhiteTeam "Absam"]
[BlackTeam "Bregenz"]
[WhiteTeamCountry "AUT"]
[BlackTeamCountry "AUT"]

1. d4 d5 2. c4 Nc6 3. cxd5 Qxd5 4. e3 e5 5. Nc3 Bb4 6. Bd2 Bxc3 7. bxc3 Qd6 8. Bd3 Nf6 9. f3 0-0 10. Ne2 Re8 11. Qb1 Rb8 12. 0-0 b5 1/2-1/2

[Event "AUT-chT2W 0203"]
[Site "Austria"]
[Date "2003.01.31"]
[Round "7"]
[White "Erhard, Jakob"]
[Black "Heilinger, Dietmar"]
[Result "0-1"]
[WhiteElo "2112"]
[BlackElo "2178"]
[PlyCount "66"]
[EventDate "2002.10.??"]
[EventType "team"]
[EventRounds "11"]
[EventCountry "AUT"]
[SourceTitle "EXT 2004"]
[Source "ChessBase"]
[SourceDate "2003.11.25"]
[SourceVersion "1"]
[SourceVersionDate "2003.11.25"]
[SourceQuality "1"]

1. e4 e6 2. d4 d5 3. e5 c5 4. c3 Qb6 5. Nf3 Bd7 6. a4 Nc6 7. dxc5 Bxc5 8. a5 Nxa5 9. Rxa5 Qxa5 10. b4 Qa2 11. bxc5 Qxb1 12. Bd3 Qa1 13. 0-0 Qxc3 14. Be3 Ne7 15. Qe2 Nc6 16. Rc1 Qa3 17. Bd2 h6 18. h4 Qa4 19. Rb1 Rb8 20. Qe3 Qg4 21. Bb5 0-0 22. Ra1 Qe4 23. Qc3 d4 24. Qb3 a6 25. Bd3 Qd5 26. Qc2 Nxe5 27. Be4 d3 28. Bxd5 Nxf3+ 29. Bxf3 dxc2 30. Bf4 Rbc8 31. Bxb7 Rxc5 32. Kf1 e5 33. Bc1 Rb8 0-1

[Event "AUT-chT2W 0102"]
[Site "Austria"]
[Date "2002.03.08"]
[Round "9.6"]
[White "Heilinger, Dietmar"]
[Black "Kornthaler, Reinhard"]
[Result "1-0"]
[WhiteElo "2189"]
[BlackElo "2081"]
[PlyCount "63"]
[EventDate "2001.10.12"]
[EventType "team"]
[EventRounds "11"]
[EventCountry "AUT"]
[SourceTitle "EXT 2002"]
[Source "ChessBase"]
[SourceDate "2001.11.25"]
[SourceVersion "1"]
[SourceVersionDate "2001.11.25"]
[SourceQuality "1"]

1. c4 Nf6 2. g3 g6 3. Nc3 Bg7 4. Bg2 0-0 5. e4 d6 6. Nge2 Nc6 7. 0-0 a6 8. h3 Rb8 9. f4 Bd7 10. d4 b5 11. cxb5 axb5 12. e5 Ne8 13. Be3 Na5 14. b3 f6 15. Rc1 e6 16. Ne4 Nc6 17. exf6 Bh8 18. d5 Nb4 19. dxe6 Bxe6 20. Ng5 Bf7 21. a3 Na6 22. Nxf7 Rxf7 23. Bd5 Nxf6 24. Bxf7+ Kxf7 25. f5 Qe7 26. fxg6+ hxg6 27. Qd5+ Kg7 28. Qg5 Kh7 29. Qh6+ Kg8 30. Qxg6+ Bg7 31. Bh6 Rf8 32. Nd4 1-0

[Event "Schwarzach op-A"]
[Site "Schwarzach"]
[Date "2001.08.31"]
[Round "7"]
[White "Schmid, Wolfgang"]
[Black "Heilinger, Dietmar"]
[Result "1/2-1/2"]
[WhiteElo "2190"]
[BlackElo "2186"]
[PlyCount "36"]
[EventDate "2001.08.25"]
[EventType "swiss"]
[EventRounds "9"]
[EventCountry "AUT"]
[SourceTitle "EXT 2002"]
[Source "ChessBase"]
[SourceDate "2001.11.25"]
[SourceVersion "1"]
[SourceVersionDate "2001.11.25"]
[SourceQuality "1"]

1. e4 e6 2. d4 d5 3. Nc3 dxe4 4. Nxe4 Nd7 5. c3 Ngf6 6. Bd3 Nxe4 7. Bxe4 Nf6 8. Bc2 c5 9. Nf3 a6 10. 0-0 cxd4 11. Nxd4 Bc5 12. Nb3 Bd6 13. Qf3 Qc7 14. h3 Bd7 15. Nd2 Bc6 16. Ne4 Nxe4 17. Bxe4 Bxe4 18. Qxe4 0-0 1/2-1/2

[Event "Schwarzach op-A"]
[Site "Schwarzach"]
[Date "2001.08.29"]
[Round "5"]
[White "Hecht, Hans Joachim"]
[Black "Heilinger, Dietmar"]
[Result "1/2-1/2"]
[WhiteElo "2428"]
[BlackElo "2186"]
[PlyCount "49"]
[EventDate "2001.08.25"]
[EventType "swiss"]
[EventRounds "9"]
[EventCountry "AUT"]
[SourceTitle "EXT 2002"]
[Source "ChessBase"]
[SourceDate "2001.11.25"]
[SourceVersion "1"]
[SourceVersionDate "2001.11.25"]
[SourceQuality "1"]

1. d4 d5 2. c4 Nc6 3. Nc3 dxc4 4. Nf3 Nf6 5. e4 Bg4 6. Be3 e6 7. Bxc4 Bb4 8. Qc2 0-0 9. Rd1 Qe7 10. Be2 Rfe8 11. 0-0 e5 12. d5 Nd4 13. Nxd4 exd4 14. Rxd4 Bxe2 15. Qxe2 Bxc3 16. bxc3 Nxe4 17. c4 b6 18. Qf3 g6 19. Bc1 f5 20. g4 fxg4 21. Qxg4 Nc3 22. Be3 Ne4 23. Kh1 Nd6 24. Rf4 Rf8 25. Bd2 1/2-1/2

[Event "AUT-chT2W 0001"]
[Site "Austria"]
[Date "2001.01.14"]
[Round "8"]
[White "Steinbacher, Thomas"]
[Black "Heilinger, Dietmar"]
[Result "1-0"]
[WhiteElo "2127"]
[BlackElo "2199"]
[PlyCount "115"]
[EventDate "2000.??.??"]
[EventType "team"]
[EventRounds "9"]
[EventCountry "AUT"]
[SourceTitle "EXT 2002"]
[Source "ChessBase"]
[SourceDate "2001.11.25"]
[SourceVersion "1"]
[SourceVersionDate "2001.11.25"]
[SourceQuality "1"]

1. d4 d5 2. Nc3 e6 3. e4 dxe4 4. Nxe4 Nd7 5. Nf3 Ngf6 6. Ng3 c5 7. Be2 Qc7 8. 0-0 Bd6 9. Be3 0-0 10. c3 Ng4 11. Bd2 Ngf6 12. Qc2 b6 13. Ne4 Be7 14. Bd3 Bb7 15. dxc5 Bxc5 16. Bg5 Nxe4 17. Bxe4 h6 18. Bh4 Bxe4 19. Qxe4 Bd6 20. Rad1 Ne5 21. Nd4 a6 22. Bg3 Rad8 23. Rfe1 Nc4 24. Nc6 Rc8 25. Qxc4 Bxg3 26. hxg3 b5 27. Qb4 Qxc6 28. Rd6 Qb7 29. Red1 Rc4 30. Qb3 a5 31. Rd7 Qc6 32. R1d6 Qc5 33. Qd1 b4 34. Rd8 bxc3 35. Rxf8+ Kxf8 36. bxc3 Rxc3 37. Rd8+ Ke7 38. Qd7+ Kf6 39. Qd4+ Qxd4 40. Rxd4 Rc2 41. Ra4 Rc5 42. Kf1 Ke7 43. Ke2 Kd6 44. Ke3 Kc6 45. Rd4 Rd5 46. Rc4+ Rc5 47. Rd4 Rc3+ 48. Kd2 Ra3 49. Rc4+ Kb6 50. Rc2 h5 51. Kc1 a4 52. Rb2+ Kc6 53. Kd2 e5 54. Kc2 Kd6 55. Kc1 f5 56. Rd2+ Kc5 57. Kb2 Kb4 58. Rd7 1-0

[Event "AUT-chT2W 0001"]
[Site "Austria"]
[Date "2000.11.26"]
[Round "5.3"]
[White "Scheffknecht, Philipp"]
[Black "Heilinger, Dietmar"]
[Result "1-0"]
[WhiteElo "2094"]
[BlackElo "2199"]
[PlyCount "77"]
[EventDate "2000.??.??"]
[EventType "team"]
[EventRounds "9"]
[EventCountry "AUT"]
[SourceTitle "EXT 2002"]
[Source "ChessBase"]
[SourceDate "2001.11.25"]
[SourceVersion "1"]
[SourceVersionDate "2001.11.25"]
[SourceQuality "1"]

1. d4 d5 2. c4 Nc6 3. e3 e5 4. dxe5 d4 5. a3 a5 6. Be2 Bf5 7. Bg4 Bg6 8. Qa4 Ra6 9. Bf3 Qd7 10. Bxc6 Rxc6 11. Ne2 Bd3 12. Nxd4 Rxc4 13. Qxd7+ Kxd7 14. Nd2 Rc5 15. f4 Rd5 16. Kf2 h5 17. Rd1 Nh6 18. h3 c5 19. Ne2 Bc2 20. Re1 Kc6 21. Nc3 Rd7 22. a4 h4 23. Nc4 b6 24. Nb5 Nf5 25. e6 Re7 26. exf7 Bxa4 27. Rxa4 Kxb5 28. b3 Rxf7 29. Rd1 Rh6 30. Ne5 Rb7 31. Ra2 Re6 32. Rad2 Ng3 33. Kf3 Be7 34. Rd5 Bf6 35. Rd6 Rxd6 36. Rxd6 Kb4 37. Rd3 a4 38. Bd2+ Kb5 39. Nc4 1-0

[Event "AUT-chT2W 0001"]
[Site "Austria"]
[Date "2000.11.25"]
[Round "4.2"]
[White "Fuchs, Georg"]
[Black "Heilinger, Dietmar"]
[Result "1-0"]
[WhiteElo "2185"]
[BlackElo "2199"]
[PlyCount "77"]
[EventDate "2000.??.??"]
[EventType "team"]
[EventRounds "9"]
[EventCountry "AUT"]
[SourceTitle "EXT 2002"]
[Source "ChessBase"]
[SourceDate "2001.11.25"]
[SourceVersion "1"]
[SourceVersionDate "2001.11.25"]
[SourceQuality "1"]

1. e4 e6 2. Nf3 d5 3. exd5 exd5 4. d4 Nc6 5. Be2 Bd6 6. 0-0 Bg4 7. Bg5 f6 8. Bh4 Nge7 9. Nbd2 Qd7 10. c4 g5 11. cxd5 Nxd5 12. Nxg5 Bf5 13. Bh5+ Bg6 14. Re1+ Nce7 15. Ne6 Kf7 16. Qf3 Rhe8 17. Ne4 f5 18. Rac1 Kg8 19. Nf6+ Nxf6 20. Bxf6 Nd5 21. Bxg6 hxg6 22. Qxd5 Bxh2+ 23. Kxh2 Qxd5 24. Nxc7 Rxe1 25. Rxe1 Qd6+ 26. Be5 Qb4 27. Re3 Rc8 28. Nd5 Qa5 29. Ne7+ Kf7 30. Nxc8 Qxa2 31. f4 Qxb2 32. d5 Qd2 33. Rh3 Qxd5 34. Rh7+ Kf8 35. Ne7 Qb3 36. Nxg6+ Ke8 37. Bf6 a5 38. Re7+ Kd8 39. Rxb7+ 1-0